Crítica de las razones de educar: temas de filosofía de la educación
Αποθηκεύτηκε σε:
| Κύριος συγγραφέας: | |
|---|---|
| Μορφή: | Βιβλίο |
| Γλώσσα: | Ισπανικά |
| Έκδοση: |
Buenos Aires
Paidós
2005
|
| Έκδοση: | 5a. ed |
| Σειρά: | Cuestiones de Educación, 15
|
| Θέματα: | |
| Ετικέτες: |
Προσθήκη ετικέτας
Δεν υπάρχουν, Καταχωρήστε ετικέτα πρώτοι!
|
MARC
| LEADER | 00000nam a2200000 a 4500 | ||
|---|---|---|---|
| 001 | UCI1027 | ||
| 003 | CL-VaPUC | ||
| 008 | 070615e20050000AG |||||||||||||||||spa|d | ||
| 020 | |a 9501261158 | ||
| 082 | 0 | 4 | |a 370.1 |b CUL |2 21 |
| 100 | 0 | |a Cullen, Carlos A |e author |9 521291 | |
| 245 | 1 | 0 | |a Crítica de las razones de educar: temas de filosofía de la educación |
| 250 | |a 5a. ed | ||
| 300 | |a 260 p | ||
| 942 | |c BK | ||
| 945 | |d 20070615 00:00:00 |a jtorresc | ||
| 260 | |a Buenos Aires |b Paidós |c 2005 | ||
| 650 | 0 | |a Filosofía de la educación |9 258384 | |
| 650 | 7 | |a LENGUAJE Y EDUCACION |2 CL-VaPUC |9 263717 | |
| 583 | |a last modification |c 20070615 00:00:00 |k Rodrigo Vera | ||
| 490 | 0 | |a Cuestiones de Educación, 15 | |
| 999 | |c 325946 |d 325944 | ||
| 952 | |0 0 |1 0 |4 0 |6 370_100000000000000_CUL_2005 |7 0 |8 A |9 407472 |a BIBEDU |b BIBEDU |d 2019-11-22 |i 4295048 |l 2 |o 370.1 CUL 2005 |p 4295048 |r 2022-08-11 |s 2022-07-13 |w 2019-11-22 |y BK |k EDU | ||